| 000 | 00701nam a2200193Ia 4500 | ||
|---|---|---|---|
| 003 | GCL | ||
| 008 | 140319s9999 xx 000 0 ara d | ||
| 040 |
_aGCL / _cGCL |
||
| 082 | 0 | 4 |
_a364.015 _bع ع |
| 100 | 1 | _aعبدالرحمن عيسوى | |
| 245 | 1 | 0 |
_aعلم النفس القضائى مع دراسة ميدانية للاتجاة نحو القانون / _cعبدالرحمن عيسوى |
| 250 | _aالاولى | ||
| 260 |
_aبيروت : _bدار النهضة العربية للطباعة والنشر ، _c1992 |
||
| 300 |
_a281ص ؛ _c24 سم |
||
| 650 | 0 | 4 | _aعلم النفس |
| 650 | 0 | 4 | _aالدوافع النفسية |
| 650 | 0 | 4 | _aعلم النفس الجنائى |
| 942 |
_2ddc _cBK |
||
| 999 |
_c40878 _d40878 |
||